Từ loại danh từ trong tiếng Việt hiện đại

Đặc điểm của từ loại danh từ, các phạm trù từ vựng ngữ pháp quan trọng nhất trong nội bộ từ loại danh từ, hệ thống công cụ từ dùng để dạng thức hoá danh từ, phần phụ lục về những dạng đã gặp ở danh từ

Zapisane w:
Opis bibliograficzny
1. autor: Nguyễn Tài Cẩn
Format: Książka
Język:Vietnamese
Wydane: H. Khoa học Xã hội 1975
Hasła przedmiotowe:
Etykiety: Dodaj etykietę
Nie ma etykietki, Dołącz pierwszą etykiete!
Thư viện lưu trữ: Mạng thư viện Đại học Đà Nẵng
LEADER 01365nam a2200337 4500
001 000007720
003 3884
005 20111011101016.0
008 111011s1975 viesd
041 0 |a vie 
082 |a 495.9222  |b NG-C 
100 0 |a Nguyễn Tài Cẩn 
245 0 |a Từ loại danh từ trong tiếng Việt hiện đại  |c Nguyễn Tài Cẩn 
260 |a H.  |b Khoa học Xã hội  |c 1975 
300 |a 302tr  |c 19 cm 
520 |a Đặc điểm của từ loại danh từ, các phạm trù từ vựng ngữ pháp quan trọng nhất trong nội bộ từ loại danh từ, hệ thống công cụ từ dùng để dạng thức hoá danh từ, phần phụ lục về những dạng đã gặp ở danh từ 
653 |a Ngôn ngữ học 
653 |a danh từ 
653 |a ngữ pháp 
653 |a tiếng Việt hiện đại 
910 |a Lai Thi Minh Phuong  |d 11/10/2011 
OWN |a LSP 
AVA |a UDN50  |b LSP  |d 495.9222 NG-C  |e available  |t Error 5001 Not defined in file expand_doc_bib_avail.  |f 2  |g 1  |h N  |i 0  |k 1 
999 |a From the UDN01 
AVA |a UDN50  |b LSP  |d 495.9222 NG-C  |e available  |t Error 5001 Not defined in file expand_doc_bib_avail.  |f 2  |g 1  |h N  |i 0  |k 1 
TYP |a Monograph 
TYP |a Printed language 
980 |a Mạng thư viện Đại học Đà Nẵng